Yakuza/Like a Dragon Soundtrack Quiz - Statistics

General Stats
  • This quiz has been taken 10 times
  • The average score is 12 of 29
Answer Stats
Hint Soundtrack % Correct
Kuze (Y0): First Half Pledge of Demon
89%
Majima (Y0): Breaker Style One-Eyed Dancer
78%
Majima (Y0): Slugger Style One-Eyed Slugger
78%
Majima (Y4) Receive and Bite You
78%
Shibusawa (Y0) Two Dragons
78%
Someya (Y6) DESTINY
67%
Mine (Y3) Fly
67%
Nishikiyama (Y0) For Buddy
56%
Majima (Y5) Receive and Slash You
56%
Majima and Saejima (Y7) Receive You The Hyperactive
56%
Kiryu (Y0): Beast Style Crash Addiction
44%
Majima (Y0): Thug Style One-Eyed Assassin
44%
Kiryu (Y0): Rush Style Parry Addiction
44%
Kuroiwa (J): Final Battle Penumbra
44%
Kiryu (Y0): Legend Style: Dragon of Dojima Receive You: Tech Trance Arrange
44%
Kiryu (Y0): Brawler Style Force Addiction
33%
Kuze (Y0): Second Half Oath of Enma
33%
Kiryu (YK2): Sotenbori Battle Theme Outlaw's Lullaby
33%
Majima (Y0): Legend Style: Mad Dog of Shimano Receive You The Subtype
33%
Lao Gui (Y0) Archnemesis
22%
Ryuji (YK2): Final Fight A Scattered Moment
22%
Mr. Shakedown (Y0) Get Them
22%
Nishitani III (LAD:G) Psycho's Anthem
22%
Mendez (Y8) Twin Machetes
22%
Hanpeita (Ishin): Final Battle Assassination of Bodhisattva
11%
Wong Tou (Y8) Giftiger Fullhalter
11%
Shishido (LAD:G): Final Battle Fleeting Dream
0%
Nishikiyama Family (YK1) Ideal for Violence
0%
Shimano (YK1): First Fight Pray Me -Revive-
0%
No matching quizzes found
Score Distribution
Percent of People with Each Score
Percentile by Number Answered
Your Score History
You have not taken this quiz